|
|
|
|
| LEADER |
03394nam a22003973i 4500 |
| 001 |
EBC6637590 |
| 003 |
MiAaPQ |
| 005 |
20231204023216.0 |
| 006 |
m o d | |
| 007 |
cr cnu|||||||| |
| 008 |
231204s2019 xx o ||||0 eng d |
| 020 |
|
|
|a 9783035619171
|q (electronic bk.)
|
| 035 |
|
|
|a (MiAaPQ)EBC6637590
|
| 035 |
|
|
|a (Au-PeEL)EBL6637590
|
| 035 |
|
|
|a (OCoLC)1281977141
|
| 040 |
|
|
|a MiAaPQ
|b eng
|e rda
|e pn
|c MiAaPQ
|d MiAaPQ
|
| 100 |
1 |
|
|a Doyle, Michael R.
|
| 245 |
1 |
0 |
|a Ghosts of Transparency :
|b Shadows Cast and Shadows Cast Out.
|
| 250 |
|
|
|a 1st ed.
|
| 264 |
|
1 |
|a Basel/Berlin/Boston :
|b Walter de Gruyter GmbH,
|c 2019.
|
| 264 |
|
4 |
|c ©2019.
|
| 300 |
|
|
|a 1 online resource (336 pages)
|
| 336 |
|
|
|a text
|b txt
|2 rdacontent
|
| 337 |
|
|
|a computer
|b c
|2 rdamedia
|
| 338 |
|
|
|a online resource
|b cr
|2 rdacarrier
|
| 490 |
1 |
|
|a Applied Virtuality Book Series ;
|v v.13
|
| 505 |
0 |
|
|a Intro -- TABLE OF CONTENTS -- INTRODUCTION -- I. CRYPTO ARCHITECTURE: NOTES ON MACHINE LEARNING AND DESIGN -- II. AN INSTRUMENT FOR COMMUNICATION: THE SELF-ORGANIZING MODEL -- III. FORMAL CREATURES: GILLES CHÂTELET 'S METAPHORS -- IV. VOIDS, BRANDS, CHARACTERS, AND HOW TO DEAL WITH LOTS -- V. AMBIGUITY AND INFORMATION IN THE CONTEXT OF ' NATURAL COMMUNICATION ': AN OBSTACLE-ORIENTED GALOISIAN STANDPOINT -- VI. FROM THE BIT TO THE PIT: POETICS OF THE FINANCIAL MARKET -- VII. THE ART OF EXAGGERATION -- VIII. ARCHITECTURE, AN ARTIFICIAL INTELLIGENCE -- IX. THE AURAL: HEIDEGGER AND FUNDAMENTAL OTO-CHEIRO-LOGY II -- X. REFLECTIONS OF AN IMAGINARY OBJECT ON A SILURIAN LAKE -- XI. PENTECOST - A MODEL OF COMMUNICATION FOR 21< -- sup> -- ST< -- /sup> -- CENTURY ARCHITECTURE -- XII. BETWEEN DISEGNO & -- amp -- DESIGN THINKING -- XIII. CRYSTAL OF THINGS -- XIV. ARCHITECTURE OF THE DIAPHANOUS -- XV. THE DESIGNS OF THE NATURAL -- XVI. MYTHIC NOISE: ARCHITECTURES OF GEOLOGICAL COMMUNICATION -- XVII. PHOTONIC COMMUNICATIONS -- XVIII. SOFTNESS, HARDNESS: CONTEMPLATING ARCHITECTONIC CIRCUITS OF MEDIACY AND IMMEDIACY -- XIX. EXCERPTS FROM CHRONICLES OF THE DIGITAL -- XX. TRAVELLING ON PLANETS OF RESONATING CONCEPTS. IDENTIFICATION AND DIRECTIONALITY BETWEEN COMPUTATIONAL AND ARCHITECTONIC -- XXI. AN ESSAY ON THE GLOSSOMATIC PROCESS OF COMMUNICATING COMMUNICATIONS AND OTHER WORDS -- XXII. WHEN OTHERS PASSING BY BEHOLD: MEDIA STUDIES AND ARCHIVES ACROSS CULTURES -- XXIII. FLUID SPACES, ENCHANTED FORESTS -- XXIV. SPACE AS AFFECTIVE SENSE-MAKING CAPACITY -- XXV. A FEW PROTOCOL SENTENCES ON: NON-SYNTHESIS, THE VOLUMINOUS FORM OF IDEAS, TEMPORALITIES OF CREATION, HYPER-COMPATIBILITY -- XXVI. THE DIGITAL, A CONTINENT? ANARCHIC CITIZENSHIP WITHIN THE OBJECT-SPACE OF CUNNING REASON -- IMAGE REFERENCES.
|
| 588 |
|
|
|a Description based on publisher supplied metadata and other sources.
|
| 590 |
|
|
|a Electronic reproduction. Ann Arbor, Michigan : ProQuest Ebook Central, 2023. Available via World Wide Web. Access may be limited to ProQuest Ebook Central affiliated libraries.
|
| 655 |
|
4 |
|a Electronic books.
|
| 700 |
1 |
|
|a Savić, Selena.
|
| 700 |
1 |
|
|a Bühlmann, Vera.
|
| 776 |
0 |
8 |
|i Print version:
|a Doyle, Michael R.
|t Ghosts of Transparency
|d Basel/Berlin/Boston : Walter de Gruyter GmbH,c2019
|
| 797 |
2 |
|
|a ProQuest (Firm)
|
| 830 |
|
0 |
|a Applied Virtuality Book Series
|
| 856 |
4 |
0 |
|u https://ebookcentral.proquest.com/lib/matrademy/detail.action?docID=6637590
|z Click to View
|